000 00315nam a2200133Ia 4500
005 20260328104330.0
008 260328s9999||||xx |||||||||||||| ||und||
100 _aSoan, Hazel
245 0 _aLearn Watercolour Quickly /
_cHazel Soan
260 _bBatsford
300 _a112 p.
650 _aACUARELA
942 _cBK
999 _c11691
_d11691